header

Pathophysiology : the biologic basis for disease in adults & children (Record no. 258383)

MARC details
000 -LEADER
fixed length control field 00557nam a22001817a 4500
003 - CONTROL NUMBER IDENTIFIER
control field OSt
005 - DATE AND TIME OF LATEST TRANSACTION
control field 20200612093953.0
008 - FIXED-LENGTH DATA ELEMENTS--GENERAL INFORMATION
fixed length control field 200612b xxu||||| |||| 00| 0 eng d
010 ## - LIBRARY OF CONGRESS CONTROL NUMBER
LC control number 2001044515
020 ## - INTERNATIONAL STANDARD BOOK NUMBER
International Standard Book Number 0323014380 (hardcover)
040 ## - CATALOGING SOURCE
Transcribing agency n/a
050 ## - LIBRARY OF CONGRESS CALL NUMBER
Classification number RB113
Item number .M35 2002
100 ## - MAIN ENTRY--PERSONAL NAME
Personal name [edited by] Kathryn L. McCance, Sue E. Huether.
245 ## - TITLE STATEMENT
Title Pathophysiology : the biologic basis for disease in adults & children
260 ## - PUBLICATION, DISTRIBUTION, ETC. (IMPRINT)
Place of publication, distribution, etc St. Louis :
Name of publisher, distributor, etc Mosby,
Date of publication, distribution, etc c2002.
300 ## - PHYSICAL DESCRIPTION
Extent xxvi, 1616 p.
Other physical details : ill. (some col.)
Dimensions ; 29 cm.
942 ## - ADDED ENTRY ELEMENTS (KOHA)
Source of classification or shelving scheme Library of Congress Classification
Koha item type Long Loan Books
Holdings
Withdrawn status Lost status Source of classification or shelving scheme Damaged status Not for loan Collection code Home library Current library Shelving location Date acquired Total Checkouts Full call number Barcode Date last seen Price effective from Koha item type
    Library of Congress Classification     Non-fiction Rongo University Library Rongo University Library General Stacks 12/06/2020   RB113 .M35 2002 20153395 12/06/2020 12/06/2020 Long Loan Books

© 2026 Rongo University
Contact us: librarian | system librarian | Rongo university